Sobre un problema de Sturm - Liouville con condiciones de contorno irregulares /
Guardado en:
| Autor Principal: | |
|---|---|
| Formato: | Libro |
| Idioma: | Spanish |
| Publicado: |
1976.
|
| Etiquetas: |
Agregar Etiqueta
Sin Etiquetas, Sea el primero en etiquetar este registro!
|
| LEADER | 00519nam a22001575a 4500 | ||
|---|---|---|---|
| 001 | MAT.inmabb006987 | ||
| 008 | 041125s1976####ag#######bm###000#0#spa#d | ||
| 005 | 20180221114224.0 | ||
| 245 | 1 | 0 | |a Sobre un problema de Sturm - Liouville con condiciones de contorno irregulares / |c Edgardo N. Güichal. |
| 260 | |c 1976. | ||
| 300 | |a 93 h. | ||
| 502 | |a Tesis--Universidad Nacional del Sur, 1978. | ||
| 504 | |a Incluye referencias bibliográficas. | ||
| 100 | 1 | |a Güichal, Edgardo N. | |
| 082 | 0 | 4 | |a 040 |
| 859 | |a Ar-BaUNS |b BIB. MATEMATICA |p A-8967 | ||
